000 00245nam a2200097Ia 4500
008 230915s9999 xx 000 0 und d
050 _aK 1315.4 .S 25 2009 C.1
100 _aSaleemi, Nisar Ahmad
245 0 _aCOMPANY LAW SIMPLIFIED
942 _cBK
999 _c161720
_d161720